LEADER 01178nam a2200301 a 4500 001 000000130668 003 CaOOAMICUS 005 20121004105223.0 008 121004t20111999it u000 u ita r 020 $a978-88-15-07134-7 040 $aPUL$bita 082 04$a320.1 100 1 $aPortinaro, Pier Paolo,$d1953-$0(OLS)http://pul/name/700 245 10$aStato /$cPier Paolo Portinaro. 260 $aBologna :$bIl Mulino,$c©1999$g2011 300 $a188 p. ;$c21 cm 490 1 $aLessico della politica ;$v02 504 $aInclude riferimenti bibliografici ed indice. 650 4$aStato$xConcetto$xStoria.$0(OLS)http://pul/subject/10055 830 0$aLessico della politica ;$v02.$0(OLS)http://pul/title/153219 850 $aPUL 852 $aPUL$W1$xSL Diritto e Scienze Sociali 3$y79$m320. 1 DONPI 1$j151091$qDDC 21$B149803$CPULBib$Z2$F149803 $H120822 $82 941 1 $a9 996 $6020$a978-88-15-07134-7$9(OLS)http://pul/number/150725 996 $6082$a320.1$9(OLS)http://pul/classification/582 996 $6245$aStato$9(OLS)http://pul/title/165131 996 $6260$aBologna :$bIl Mulino$9(OLS)http://pul/publisher/47928 LEADER 01256nam a2200277 a 4500 001 000000155327 003 CaOOAMICUS 005 20161020091438.0 008 161020s2016 gw u001 u ger r 020 $z978-3-16-154669-3* 032 $aLibriCat 040 $aPUL$bita 245 00$aErzählung und Briefe im johanneischen Kreis /$cHrsg. von Uta Poplutz und Jörg Frey. 260 $aTübingen :$bMohr Siebeck,$c©2016. 300 $aVIII, 305 p. ;$c24 cm. 490 1 $aWissenschaftliche Untersuchungen zum Neuen Testament. Reihe 2 ;$v420 504 $aInclude riferimenti bibliografici e indici. 630 04$aBiblia.$pN.T.$pIohannis epistolae$xCritica e interpretazione.$0(OLS)http://pul/subject/36387 830 0$aWissenschaftliche Untersuchungen zum Neuen Testament.$nReihe 2 ;$v420.$0(OLS)http://pul/title/264 850 $aPUL 852 $aPUL$W1$xSL Religione 1$y3$m16 I 420$j178396$qStampati$B181612$CPULBib$Z2$F181612 $H128258 $81 941 1 $a8 996 $6020$z978-3-16-154669-3*$9(OLS)http://pul/number/161350 996 $6245$aErzählung und Briefe im johanneischen Kreis$9(OLS)http://pul/title/194975 996 $6260$aTübingen :$bMohr Siebeck$9(OLS)http://pul/publisher/52004